00662nam a2200145 a 450000100100000000500170001000800410002704000250006824501590009326001130025230000200036504900090038595201050039499900170049900002893220200930055227.0110412s2000 dr 000 0 spa d aDO-SdBNPbspacBNPHU00aDiscurso en el acto de inaguración del seminario internacional del cierre de gestión, La reforma de la Empresa Pública en la República Dominicana. aSanto Domingo :bLa Reforma de la Empresa Pública en la República Dominicana,c[2000].fEditorial Stella a13 p. ;c22 cm. aBNPD 0010718PDaPDbPDcCTd2011-04-12iLF1l0o p28932-10r2020-06-25w2020-06-25yLFPDZNo se presta c28424d28424